000 00680nam a2200193 a 4500
001 000044369
005 20260701102148.0
008 140626s19uu dr a 000 0 spa d
040 _aDO-SdBNP
_bspa
_cBNPHU
082 _aRD863.44
_bC712g
100 1 _aCollins de Colado, Mary
_951947
245 1 3 _aLa gatita Mima y sus amiguitas las violetas /
_cMary Collins de Colado ; ilustraciones Nidia Serra.
260 _aSanto Domingo :
_bCorripio,
_c[199?].
300 _a22 p. :
_bil. ;
_c30 cm.
650 0 _aCuentos infantiles dominicanos
_9505
650 4 _aLiteratura infantil dominicana
_9441
650 4 _aLibros infantiles
_910241
700 2 _aSerra, Nidia,
_d1928-2010
_eils.
_929116
999 _c43858
_d43858